00357nam a2200109Ia 4500008004100000041000800041082001700049100002900066245009300095260004000188300001900228241028s9999 xx 000 0 und d aeng a658.4012 HIT aHitt/ Ireland/ Hoskisson aStrategic Management: Competitiveness And Globalization: Concepts And Cases With Mindtap bCengage Learning IndiaaDehlic2017 a442;. P. 25 cm